000 01204namaa22003131i 4500
005 20260630130025.0
008 260609s1994 ua a|||frm||| 000 0 eng d
040 _aEG-GICUC
_beng
_cEG-GICUC
_dEG-GICUC
_erda
041 0 _aeng
_beng
_bara
049 _aDeposit
097 _aM.Sc
099 _aCai01.11.25.M.Sc.1994.Ma.R.
100 0 _aMagdy Abd EL-Moaty Ismail,.
_epreparation.
245 1 0 _aThe Related Anatomy Of The Brachial Plexus /
_cBy Magdy Abd EL-Moaty Ismail; Supervision Prof.Dr. Hazem Abd EL Azim, Prof.Dr.Mohamed A. kaddeh.
246 1 5 _aآلام الذراع
264 0 _c1994.
300 _a124 Leaves :
_billustrations ;
_c30 cm. +
336 _2rda content
_atext
337 _2rdamedia
_aUnmediated
338 _2rdacarrier
_avolume
502 _aThesis (M.Sc.)-Cairo University, 1994.
504 _aBibliography: pages 103-124.
653 0 _aOrthopedic Surgery
700 0 _aHazem Abd EL Azim
_ethesis advisor.
700 0 _aMohamed A. kaddeh
_ethesis advisor.
900 _DDepartment of Orthopedic Surgery
_FFaculty of Medicine
_UCairo University
_b1994
_cHazem Abd EL Azim
_cMohamed A. kaddeh
905 _aEman El gebaly
_eNourhan
942 _2ddc
_cTH
_e21
_n0
999 _c180446